00719 a2200193 45000010006000000050017000060080041000230030015000640400040000790800055001192450097001740200018002712640035002893000030003240410008003541000023003627000040003858560100004253356520260407155627.0260407a2005 arg spa dAR-UNSa-BCEJYS aAR-UNSa-BCEJYSbspacAR-UNSa-BCEJYS a(038)33=111xDiccionario de economía en inglés10aDiccionario de economía, finanzas y empresanDictionary of economics, finance and business a950-885-064-7 1aBuenos Aires :bHeliastac2005 a2 v.(440; 660 p.)c26 cm. aspa1 aHoague, Eleanor C.1 aCabanellas de las Cuevas, Guillermo41uhttps://biblioeco.unsa.edu.ar/pmb/images/libros/dic_economia.jpgyImagen de portadaqimage/jpeg